000 00724nam a2200217Ia 4500
001 17309
003 GE_BSU
008 181216s||||||||xx |||||||||||||| ||und||
040 _cGE_BSU
080 _a821.353.1-316
100 _aნაცვალაძე,დავით
245 _aკაეშანი სარდალ-მოურავისა
245 _bისტორ.ქრონიკა
245 _cრედ.:ლ.ბეჟანიძე;მხატბ,:გ.ფუტკარაძე
260 _aბათუმი
260 _bსაბჭ.აჭარა
260 _c1982
300 _a140გვ.;20სმ
653 _aისტორიული ქრონიკა
942 _cBK
999 _c50368
_d50368